The Prime The Crime. (Record no. 1347865)

MARC details
000 -LEADER
fixed length control field 00447nam a2200181Ia 4500
008 - FIXED-LENGTH DATA ELEMENTS--GENERAL INFORMATION
fixed length control field 151202s9999||||xx |||||||||||||| ||und||
082 ## - DEWEY DECIMAL CLASSIFICATION NUMBER
Item number PNVM-83129
100 ## - MAIN ENTRY--PERSONAL NAME
Personal name DIXON W. FRANKLIN.
245 #4 - TITLE STATEMENT
Title The Prime The Crime.
260 ## - PUBLICATION, DISTRIBUTION, ETC. (IMPRINT)
Name of publisher, distributor, etc POCKET BOOKS.
260 ## - PUBLICATION, DISTRIBUTION, ETC. (IMPRINT)
Date of publication, distribution, etc 1995
300 ## - PHYSICAL DESCRIPTION
Extent 150
600 ## - SUBJECT ADDED ENTRY--PERSONAL NAME
Personal name DIXON W. FRANKLIN.
630 ## - SUBJECT ADDED ENTRY--UNIFORM TITLE
Uniform title The Prime The Crime.
700 ## - ADDED ENTRY--PERSONAL NAME
Personal name DIXON W. FRANKLIN.
730 ## - ADDED ENTRY--UNIFORM TITLE
Uniform title The Prime The Crime.
942 ## - ADDED ENTRY ELEMENTS (KOHA)
Koha item type Book

No items available.